Diagnostika siete s priemyselným Ethernetom

Gespeichert in:
Bibliographische Detailangaben
1. Verfasser: Kovalčík, Peter, 1986- (Verfasst von)
Weitere Verfasser: Bélai, Igor, 1964- (Betreuung Doktorarbeit)
Format: Manuskript Buch
Sprache:Slowakisch
Veröffentlicht: Bratislava : STU v Bratislave FEI, 2012
Schlagworte:
Online-Zugang:VAIS
Tags: Tag hinzufügen
Keine Tags, Fügen Sie das erste Tag hinzu!

MARC

LEADER 00000ntm a22000003a 4500
001 stu252129
005 20150617230225.1
008 120720s2012----xo------------------slo-d
040 |a STU  |b slo 
041 0 |a slo 
044 |a xo 
100 1 |a Kovalčík, Peter,  |d 1986-  |4 aut  |u E  |T FEI Fakulta elektrotechniky a informatiky  |X 17101  |U E  |Y 30  |7 A000017101 
242 0 0 |a Diagnostic of industrial Ethernet network  |y eng 
245 1 |a Diagnostika siete s priemyselným Ethernetom 
260 |a Bratislava :  |b STU v Bratislave FEI,  |c 2012 
300 |a 76 s  |c CD-ROOM 
650 7 |a Applied Infromatics  |2 estusub 
650 7 |a SIMATIC Manager  |2 estusub 
700 1 |a Bélai, Igor,  |d 1964-  |4 ths  |u E010  |T FEI Ústav riadenia a priemyselnej informatiky  |X 4947  |U E010  |Y E010  |7 A000004947 
856 4 |a info a plný text  |u http://is.stuba.sk/zp/portal_zp.pl?podrobnosti=81485  |3 VAIS 
996 |b 284EP10281  |c E*DIPL-10281  |l EE23  |s P  |a 0  |w stu252129_0001